Normal view MARC view
  • Rosas Arellano, Jarumy

Entry Nombre Personal

Number of records used in: 1

001 - NUMERO DE CONTROL

  • campo de control: 42235

003 - IDENTIFICADOR DE NUMERO DE CONTROL

  • campo de control: UPN

005 - FECHA Y HORA DE LA ÜLTIMA TRANSACCIÓN

  • campo de control: 20210219194617.0

008 - DATOS DE LONGITUD FIJA

  • campo de control de longitud fija: nabaccnnaabn|||||||||| b |nc|||||d

035 ## - NUMERO DE CONTROL

  • Número de control: UPN11000014342

040 ## - FUENTE DE CATALOGACIÓN

  • Lenguaje de catalogación: SPA
  • Agencia de transcripción: UPN

100 1# - ENCABEZAMIENTO - NOMBRE PERSONAL

  • Nombre personal: Rosas Arellano, Jarumy

670 ## - FUENTE EN LA QUE SE LOCALIZARON DATOS

  • Cita de la fuente: T
  • Uniform Resource Identifier: http://guadalajara.academia.edu/JarumyRosasArellano/CurriculumVitae

680 ## - NOTA PUBLICA DE ACCESO PÚBLICO

  • Frase explicativa de la referencia: Dra. en Ciencias Económico Administrativas con especialidad en Políticas Públicas y Mtría. en Políticas Públicas de Gobiernos Locales, ambas por la Universidad de Guadalajara. Ha laborado como asistente de investigación en el Departamento de Estudios Regionales- INESER de la Universidad de Guadalajara. Sus líneas de investigación se encuentran relacionadas con los gobiernos municipales y la política social.

902 ## - CATALOGADOR

  • Catalogador: EMR/120219